000 00379cam a2200169ua 4500
001 8485
008 110809n II |||gr||||Z||||||eng
040 _aMAIN
041 _aEnglish
082 _a332.4 SET
100 _aSETH , M.L .
245 _aMONEY BANKING AND INTERNATIONAL TRADE
250 _a5TH.
260 _a[s.l:
_bs.n.]
_c1985.
300 _a770.
_a667.
942 _cBK
999 _c8462
_d8462